Città che iniziano con A su una mappa - Statistics

Statistiche generali
  • Questo quiz è stato fatto 62 volte
  • Il punteggio medio è 17 su 31
Risposte nella Mappa
Le risposte nella mappa del quiz sottostante sono codificate secondo una scala di colori dal rosso al verde in base alla % di persone che hanno risposto correttamente.
 
Statistiche sulle risposte
città % Corretto
Amsterdam
96%
Atene
90%
Ankara
88%
Algeri
87%
Antananarivo
79%
Addis Abeba
71%
Asuncion
71%
Alessandria
69%
Abu Dhabi
67%
Amman
67%
Anversa
67%
Accra
62%
Adelaide
62%
Atlanta
62%
Austin
62%
Abuja
58%
Aberdeen
54%
Ashgabat
54%
Auckland
54%
Aleppo
50%
Alicante
48%
Anchorage
46%
Aden
42%
Antalya
37%
Acapulco
35%
Almaty
35%
Agra
27%
Ahmedabad
27%
Atlantic City
21%
Angeles
13%
Amritsar
6%
Nessun quiz corrispondente trovato
Distribuzione punteggi
Percentuale di utenti per punteggio
Percentile per numero di risposta
I tuoi punteggi nel tempo
Non hai fatto questo quiz